Statistics for I am number 4 Characters

Click here to take the quiz!

General Stats

  • This quiz has been taken 7 times
  • The average score is 10 of 16

Answer Stats

HintAnswer% Correct
Main Character/ Garde/LorienJohn Smith
100%
Found by other Garde in India/ Tragic end/ GardeEight
71%
Member of the Garde not sent on the original shipElla
71%
Garde that Joins the Mogadorians/ Kills another GardeFive
71%
Protector or Main Character/ know as a CêpanHenri
71%
Cêpan doesn't teach her/ healing powers/GardeMarina
71%
Found Captured by Main Character/ Cocky to a detriment/ GardeNine
71%
Photographer/ Former cheerleaderSarah Hart
71%
Power of Invisibility/ First Garde Main Character meets/LorienSix
71%
Mogadorian who joins the Garde/ has 1(ones) memoriesAdam
57%
Animal companion of Main CharacterBernie Kosar
57%
One of the humans who are aware of the Gardes arrival/ Seen as honorary CêpanMalcolm Goode
57%
High school bully/ Tragic endingMark James
57%
Best Friend of Main Character/ Garde's human comanionSam Goode
57%
Leader of the MogadoriansSetrákus Ra
43%
turns enemies to stone with their eyes/ Helps members of the Garde escape New YorkDaniela
29%

Score Distribution

Percentile by Number Answered

Percent of People with Each Score

Your Score History

You have not taken this quiz